Statistiques concernant Chrono-Logique: Personnages de Fiction

Cliquez ici pour prendre le quiz!

Statistiques générales

  • Ce quiz a été pris 31 805 fois
    (31 723 depuis la dernière actualisation)
  • Le résultat moyen est 5 sur 11

Réponses sur la Carte

Les réponses sont colorées sur une échelle allant du rouge au vert en fonction du pourcentage des utilisateurs qui les ont devinées à leur premier essai. Vous pouvez retrouver ces pourcentages ci-dessous.
 

Statistiques - réponses

Réponse% Correct
Elsa d'Arendelle
62%
Harry Potter
61%
Dark Vador
49%
Homer Simpson
45%
Mickey Mouse
44%
Dracula
41%
James Bond
35%
Quasimodo
31%
Sherlock Holmes
30%
Blanche Neige
29%
Batman
28%

Distribution des résultats

Percentile par nombre de réponses

% des personnes avec chaque résultat

Votre développement - résultats

Vous n’avez pas pris ce quiz depuis la dernière actualisation